00797 2200301 4500001002100000005001500021035002000036007000300056040001700059245006900076250001200145300003300157020002200190041000800212082001000220084001600230090002100246264003200267336002100299337003000320338002300350650002200373850001000395008004100405100001400446110001900460990001600479INLIS00000000000781720260529025755 a0010-0922000306ta aSBPUPADbind1 aCaladium :bParade Foto,Panduan Praktis Trubus /cRedaksi Trubus a.-Cet.1 aii, 176 hlm :bilus ;c25 cm a978-979-9369-71-007aind a635.9 a635.9 CAL c a635.9 GAL g 19-7 a.--Jakarta :bTrubus,c2007 2rdacontentateks 2rdamediaatanpa perantara 2rdacarrieravolume 4aFotografi Tanaman aPUPAD260529 0 0 ePengarang1 aRedaksi Trubus a5071/B/2008